Espansione e integrazione del corpo in bioenergetica : manuale di esercizi pratici /
Furkejuvvon:
| Váldodahkkit: | , |
|---|---|
| Materiálatiipa: | Girji |
| Giella: | itáliagiella |
| Almmustuhtton: |
Roma :
Astrolabio,
1979
|
| Fáttát: | |
| Fáddágilkorat: |
Eai fáddágilkorat, Lasit vuosttaš fáddágilkora!
|
MARC
| LEADER | 00000nam a22000007i 4500 | ||
|---|---|---|---|
| 001 | IT\ICCU\TO0\0042897 | ||
| 003 | ItRI | ||
| 005 | 20251125183240.0 | ||
| 008 | 920310s1979 it |||||| ||||| |||||c | ||
| 020 | |a 8834006151 | ||
| 040 | |b ita |c Arcigay Viterbo | ||
| 041 | 7 | |a ita |2 ISO-639-2 | |
| 082 | |a 616.8914 |2 21 | ||
| 100 | 1 | |a Lowen, Alexander |0 IT\ICCU\RT1V\026871 |4 aut | |
| 240 | 1 | 4 | |a The way to vibrant health |9 Lowen, Alexander |
| 245 | 1 | 0 | |a Espansione e integrazione del corpo in bioenergetica : |b manuale di esercizi pratici / |c Alexander Lowen, Leslie Lowen. |
| 260 | |a Roma : |b Astrolabio, |c 1979 | ||
| 300 | |a 157 p. : |b ill. ; |c 21 cm | ||
| 500 | |a Trad. di Ottavio Rosati | ||
| 650 | 7 | |a Terapia fisica |2 scbi | |
| 650 | 7 | |a Corpo umano |x Aspetti psicologici | |
| 650 | 7 | |a Bioenergetica | |
| 650 | 7 | |a Psicoterapia |x Metodo della bioenergetica |2 scbi | |
| 650 | 7 | |a Ginnastica da camera |2 scbi | |
| 700 | 1 | |a Lowen, Leslie |0 IT\ICCU\TO0V\024589 |4 aut | |
| 942 | |2 ddc |c BK |n 0 | ||
| 952 | |0 0 |1 0 |2 ddc |4 0 |6 616_891000000000000_LOW_ESP |7 0 |9 9984 |a VT |b VT |d 2025-11-25 |e Dono di Giovanna Picchi |i B585 |l 0 |o 616.891 LOW ESP |p B585 |r 2025-11-25 18:33:48 |w 2025-11-25 |y BK |z Dono di Giovanna Picchi | ||
| 981 | 1 | |6 z01 |a i |b xxxe | |
| 982 | 1 | |6 z01 |a n | |
| 999 | |c 8327 |d 8327 | ||